| 000 | 01268nam a22003497a 4500 | ||
|---|---|---|---|
| 003 | AR-FvUNAJ | ||
| 005 | 20251110114324.0 | ||
| 008 | 231109b ||||| |||| 00| 0 eng d | ||
| 020 | _a0-930972-04-x | ||
| 040 |
_cAR-FvUNAJ _dAR-FvUNAJ _eaacr2 |
||
| 082 | 1 | 4 |
_214 _a624.1 |
| 100 | 1 |
_919761 _aAllen, Thomas O |
|
| 245 |
_aProduction operations : _bwell completions, workover and stimulation / _cThomas O. Allen and Alan P. Roberts. |
||
| 250 | _a2nd.ed. | ||
| 260 |
_aTulsa : _bOGCI Consultants International, _c1984. |
||
| 300 |
_a2 vols. _bil., tbl., graf. |
||
| 504 | _aIncluye referencias bibliográficas. | ||
| 504 | _aIncluye símbolos y abreviaciones. | ||
| 504 | _aIncluye unidades métricas y estándares para factores de conversión métrica. | ||
| 650 | 1 | 7 |
_2unescot _91939 _aGEOLOGIA |
| 650 | 1 | 7 |
_919313 _aINGENIERIA GEOLOGICA _2unescot |
| 650 | 1 | 4 |
_95702 _aGEOLOGIA DEL PETROLEO |
| 650 | 2 | 7 |
_2unescot _93435 _aGAS |
| 650 | 1 | 4 |
_93874 _aRECURSOS CARBONIFEROS |
| 650 | 2 | 4 |
_99842 _aMECÁNICA DE FLUIDOS |
| 650 | 2 | 4 |
_93430 _aDINAMICA DE FLUIDOS |
| 650 | 2 | 7 |
_2unescot _911846 _aRAYOS GAMMA |
| 650 | 2 | 7 |
_2unescot _919881 _aCEMENTO |
| 700 | 1 |
_919765 _aRoberts, Alan P. |
|
| 942 |
_2ddc _cLIBRO |
||
| 980 |
_62 _aVirginia Figueroa _82 _gVirginia Figueroa |
||
| 999 |
_c11155 _d11155 |
||